000 00616nam a2200181Ia 4500
008 151018s9999 xx 000 0 und d
082 _bRBASDV43411
_a910
100 _aप्रकाश कदम
245 _aसिंधुदुर्ग दर्शन
250 _b1
260 _b"सोनाली प्रकाशन, कणकवली"
_c2006
300 _a111
600 _aप्रकाश कदम
630 _aसिंधुदुर्ग दर्शन
700 _aप्रकाश कदम
730 _aसिंधुदुर्ग दर्शन
942 _cBOOK
999 _c1042625
_d1042622